[Event "Velez Nor"]
[Site "Velez"]
[Date "2023.10.29"]
[Round "9"]
[White "Espinoza Pacheco, Aldrin Leo"]
[Black "Noboa Silva, Kevin Omar"]
[Result "1-0"]
[WhiteElo "2033"]
[BlackElo "2278"]
[PlyCount "93"]
[EventDate "2023.10.25"]
[EventType "tourn"]
[EventRounds "9"]
[EventCountry "COL"]
[SourceTitle "Mega2024 Update 01"]
[Source "Chessbase"]
[SourceDate "2023.11.12"]
[SourceVersion "1"]
[SourceVersionDate "2023.11.12"]
[SourceQuality "1"]

1. d4 Nf6 2. c4 e6 3. Nf3 d5 4. Bg5 c6 5. Nbd2 Nbd7 6. e3 Be7 7. Bd3 0-0 8. 0-0 c5 9. Qc2 cxd4 10. Nxd4 h6 11. Bh4 Ne5 12. Be2 Nc6 13. N2f3 Bd7 14. Rfd1 Rc8 15. Rac1 Nxd4 16. Nxd4 b5 17. Bxf6 Bxf6 18. c5 a6 19. b4 g6 20. Nb3 Qe8 21. Bf3 Bg5 22. Na5 Bd8 23. Nb7 Bc7 24. e4 Bc6 25. Nd6 Bxd6 26. cxd6 Bb7 27. Qd3 e5 28. exd5 Qd8 29. Rc6 Qh4 30. d7 Rcd8 31. Rc7 Ba8 32. Qc3 e4 33. Be2 Qg5 34. Qc5 Qf5 35. Qd6 Kg7 36. Ra7 h5 37. h4 Rh8 38. a4 bxa4 39. Bxa6 a3 40. Bc8 Rxc8 41. dxc8Q Rxc8 42. Rxa3 Rc2 43. Qb6 Bxd5 44. Qd4+ Kh7 45. Ra5 e3 46. Qxe3 Qe4 47. Raxd5 1-0

[Event "Velez Nor"]
[Site "Velez"]
[Date "2023.10.27"]
[Round "5"]
[White "Brizuela Abreu, Ronald Jesus"]
[Black "Espinoza Pacheco, Aldrin Leo"]
[Result "1-0"]
[WhiteElo "2338"]
[BlackElo "2033"]
[PlyCount "91"]
[EventDate "2023.10.25"]
[EventType "tourn"]
[EventRounds "9"]
[EventCountry "COL"]
[SourceTitle "Mega2024 Update 01"]
[Source "Chessbase"]
[SourceDate "2023.11.12"]
[SourceVersion "1"]
[SourceVersionDate "2023.11.12"]
[SourceQuality "1"]

1. b3 e5 2. Bb2 Nc6 3. c4 Nf6 4. Nf3 d6 5. Nc3 g6 6. e3 Bg7 7. Be2 0-0 8. 0-0 e4 9. Ne1 Bf5 10. d4 Qd7 11. a3 Rae8 12. b4 h5 13. b5 Na5 14. Nd5 Nh7 15. Bc3 c6 16. Nf4 Qd8 17. Qa4 b6 18. Bxa5 cxb5 19. Bxb6 bxa4 20. Bxd8 Rxd8 21. Nd5 Bd7 22. Nc3 Rb8 23. Nxe4 Rb2 24. Bd3 Rfb8 25. Nxd6 Bf8 26. c5 Bxd6 27. cxd6 R8b6 28. Nf3 Rxd6 29. Rfc1 Nf6 30. h3 Nd5 31. Ne5 Bb5 32. Bxb5 Rxb5 33. Rc4 Nb6 34. Rc7 Rf6 35. Rxa7 Rb2 36. Rf1 Ra2 37. Ra6 Kg7 38. g4 Rxa3 39. g5 Re6 40. Ra7 Kg8 41. Rc1 f6 42. gxf6 Rxf6 43. Rcc7 Ra1+ 44. Kg2 a3 45. Rg7+ Kf8 46. Nxg6+ 1-0

[Event "PER-ch"]
[Site "Lima"]
[Date "2017.03.03"]
[Round "6"]
[White "Condori Aranya, Edwin"]
[Black "Espinoza Pacheco, Aldrin Leo"]
[Result "1/2-1/2"]
[WhiteElo "2183"]
[BlackElo "1989"]
[PlyCount "86"]
[EventDate "2017.03.01"]
[EventType "swiss"]
[EventRounds "9"]
[EventCountry "PER"]
[SourceTitle "CBM 177 Extra"]
[Source "ChessBase"]
[SourceDate "2017.04.27"]
[SourceVersion "1"]
[SourceVersionDate "2017.04.27"]
[SourceQuality "1"]

1. Nf3 Nf6 2. c4 g6 3. Nc3 Bg7 4. d4 0-0 5. g3 d6 6. Bg2 Nc6 7. 0-0 a6 8. h3 Rb8 9. Be3 b5 10. Nd2 Bd7 11. cxb5 axb5 12. Nde4 Ne8 13. f4 b4 14. Nb1 Qc8 15. Kh2 Qa6 16. Bg1 Na5 17. Nbd2 Bb5 18. Re1 h6 19. Nf3 Nc4 20. Qc2 c5 21. Ned2 Na5 22. dxc5 Nf6 23. Nd4 Rfc8 24. Nxb5 Qxb5 25. b3 Nd7 26. Rac1 Nxc5 27. Ne4 Nab7 28. f5 Nxe4 29. Qxc8+ Rxc8 30. Rxc8+ Kh7 31. fxg6+ fxg6 32. Bxe4 Nc5 33. Bxc5 dxc5 34. Bd3 Qd7 35. Ra8 Qd4 36. Rf1 Bf6 37. Ra6 h5 38. h4 Qe5 39. Rf3 Kg7 40. Kg2 Qa1 41. Rf1 Qe5 42. Rf3 Qa1 43. Rf1 Qe5 1/2-1/2

[Event "Casma U2100 2nd"]
[Site "Casma"]
[Date "2017.02.04"]
[Round "5.9"]
[White "Barrera Ricra, Victor Hugo"]
[Black "Espinoza Pacheco, Aldrin Leo"]
[Result "0-1"]
[WhiteElo "1757"]
[BlackElo "1978"]
[PlyCount "98"]
[EventDate "2017.02.03"]
[EventType "swiss"]
[EventRounds "7"]
[EventCountry "PER"]
[SourceTitle "EXT 2024"]
[Source "ChessBase"]
[SourceDate "2023.10.10"]
[SourceVersion "1"]
[SourceVersionDate "2023.10.10"]
[SourceQuality "1"]

1. e4 c5 2. Nf3 e6 3. d4 cxd4 4. Nxd4 a6 5. Nc3 b5 6. a3 Bb7 7. Bd3 Nc6 8. Be3 Nf6 9. Qe2 h5 10. f3 Rc8 11. 0-0 Qc7 12. Nxc6 Bxc6 13. Qf2 h4 14. h3 Nh5 15. f4 Ng3 16. Rfe1 Be7 17. Bd4 Bb7 18. b4 f6 19. Nb1 0-0 20. Nd2 e5 21. Bb6 Qc3 22. f5 d5 23. Ra2 dxe4 24. Nxe4 Bxe4 25. Bxe4 Qc4 26. Raa1 Nxe4 27. Qxh4 Nd6 28. Qh5 Qf7 29. Qe2 Nxf5 30. g4 Nh4 31. Qf2 g5 32. Rad1 Qe6 33. Rd4 Qc6 34. Rde4 Qxc2 35. R4e2 Qd3 36. Re3 Qd5 37. Qe2 Rc4 38. Rd3 Qc6 39. Be3 Nf3+ 40. Kf2 Rc2 41. Bd2 Nxe1 42. Kxe1 e4 43. Rd4 Rc4 44. Rxc4 Qxc4 45. Qxc4+ bxc4 46. Ke2 Bd6 47. Be3 c3 48. Kd1 Bf4 49. Bf2 Rd8+ 0-1

[Event "PER-ch U20"]
[Site "Lima"]
[Date "2016.04.22"]
[Round "6"]
[White "Espinoza Pacheco, Aldrin Leo"]
[Black "Santiago Vilca, Christian Amilca"]
[Result "0-1"]
[WhiteElo "1953"]
[BlackElo "2247"]
[PlyCount "100"]
[EventDate "2016.04.20"]
[EventType "swiss"]
[EventRounds "9"]
[EventCountry "PER"]
[SourceTitle "CBM 172 Extra"]
[Source "ChessBase"]
[SourceDate "2016.06.21"]
[SourceVersion "1"]
[SourceVersionDate "2016.06.21"]
[SourceQuality "1"]

1. d4 Nf6 2. c4 g6 3. f3 Bg7 4. e4 d6 5. Be3 0-0 6. Ne2 c5 7. Qd2 Nfd7 8. Nbc3 Nc6 9. d5 Na5 10. Nc1 Ne5 11. b3 f5 12. Bh6 fxe4 13. Bxg7 Kxg7 14. fxe4 e6 15. Nd3 Qh4+ 16. g3 Nf3+ 17. Kd1 Nxd2 18. gxh4 Nxf1 19. Ke2 exd5 20. Raxf1 Bg4+ 21. Kd2 dxc4 22. b4 Nc6 23. Nf2 Bf3 24. Rhg1 cxb4 25. Nd5 Rae8 26. Ke3 a5 27. Rc1 Ne5 28. Nf4 d5 29. Nxd5 Nd3 30. Nc7 Re5 31. Rg5 Rxg5 32. Nxd3 Bg4 33. Rxc4 b5 34. Rc2 Rh5 35. Nf4 Re5 36. Kd4 Rxe4+ 37. Kxe4 Bf5+ 38. Kd4 Bxc2 39. Nfe6+ Kf7 40. Nxf8 Kxf8 41. Nxb5 a4 42. Kc4 b3 43. axb3 axb3 44. Kc3 Kg7 45. h5 g5 46. Nd6 Kh6 47. Nc4 Kxh5 48. Kd4 Kh4 49. Ke5 Kh3 50. Kf6 h6 0-1

[Event "PER-ch U20"]
[Site "Lima"]
[Date "2016.04.20"]
[Round "2"]
[White "Escalante Ramirez, Brian Sebastian"]
[Black "Espinoza Pacheco, Aldrin Leo"]
[Result "1/2-1/2"]
[WhiteElo "2331"]
[BlackElo "1953"]
[PlyCount "64"]
[EventDate "2016.04.20"]
[EventType "swiss"]
[EventRounds "9"]
[EventCountry "PER"]
[SourceTitle "CBM 172 Extra"]
[Source "ChessBase"]
[SourceDate "2016.06.21"]
[SourceVersion "1"]
[SourceVersionDate "2016.06.21"]
[SourceQuality "1"]

1. e4 c5 2. Nf3 e6 3. d4 cxd4 4. Nxd4 a6 5. Nc3 b5 6. Be3 Bb7 7. Be2 b4 8. Na4 Qa5 9. b3 Bxe4 10. 0-0 Nf6 11. Nf3 Nc6 12. a3 Nd5 13. Bd2 Qc7 14. Ng5 Bf5 15. Bh5 g6 16. Bf3 h6 17. Nxf7 Kxf7 18. g4 Bxc2 19. Qxc2 Nd4 20. Qd3 Nxf3+ 21. Qxf3+ Kg7 22. axb4 Bd6 23. Rac1 Bxh2+ 24. Kh1 Qd6 25. Nc3 Raf8 26. Qg2 h5 27. g5 Bf4 28. Nxd5 Bxd2 29. Rcd1 exd5 30. Rxd2 d4 31. Re1 Rf4 32. Re4 Rhf8 1/2-1/2

[Event "PER-ch"]
[Site "Lima"]
[Date "2015.05.02"]
[Round "5"]
[White "Espinoza Pacheco, Aldrin Leo"]
[Black "Puppi Lazo, Jorge Luis"]
[Result "0-1"]
[WhiteElo "1607"]
[BlackElo "2099"]
[PlyCount "78"]
[EventDate "2015.04.30"]
[EventType "swiss"]
[EventRounds "8"]
[EventCountry "PER"]
[SourceTitle "CBM 166 Extra"]
[Source "ChessBase"]
[SourceDate "2015.06.18"]
[SourceVersion "1"]
[SourceVersionDate "2015.06.18"]
[SourceQuality "1"]

1. d4 Nf6 2. c4 c5 3. d5 b5 4. cxb5 a6 5. f3 d6 6. e4 g6 7. Nc3 Bg7 8. Bc4 0-0 9. Nge2 Nfd7 10. 0-0 Ne5 11. b3 Nbd7 12. f4 Nxc4 13. bxc4 Nb6 14. Qb3 f5 15. a4 axb5 16. cxb5 fxe4 17. Bb2 c4 18. Qb4 Bg4 19. a5 Nd7 20. b6 Nc5 21. Nc1 g5 22. Qxc4 gxf4 23. Ra2 e5 24. Ba1 Bc8 25. Qb4 Ba6 26. Nb5 Qd7 27. Rb2 f3 28. Rff2 fxg2 29. Nc7 e3 30. Rxf8+ Rxf8 31. Kxg2 Qf5 32. Qe1 Qg4+ 33. Qg3 Qe4+ 34. Kh3 Bf1+ 35. Rg2 Rf3 36. a6 Rxg3+ 37. hxg3 Bxg2+ 38. Kh2 Bf1 39. a7 Qg2# 0-1

[Event "PER-ch"]
[Site "Lima"]
[Date "2015.04.30"]
[Round "1"]
[White "Pena Morales, Hugo"]
[Black "Espinoza Pacheco, Aldrin Leo"]
[Result "0-1"]
[WhiteElo "2185"]
[BlackElo "1607"]
[PlyCount "106"]
[EventDate "2015.04.30"]
[EventType "swiss"]
[EventRounds "8"]
[EventCountry "PER"]
[SourceTitle "CBM 166 Extra"]
[Source "ChessBase"]
[SourceDate "2015.06.18"]
[SourceVersion "1"]
[SourceVersionDate "2015.06.18"]
[SourceQuality "1"]

1. e4 c5 2. Nf3 d6 3. d4 cxd4 4. Nxd4 Nf6 5. Nc3 a6 6. Bg5 e6 7. f4 Be7 8. Qf3 Qc7 9. 0-0-0 Nbd7 10. Bd3 b5 11. Rhe1 0-0 12. e5 dxe5 13. fxe5 Nxe5 14. Rxe5 Qxe5 15. Bf4 Bb7 16. Bxe5 Bxf3 17. Nxf3 Rfd8 18. a4 b4 19. Bxf6 gxf6 20. Ne4 a5 21. Ned2 Bd6 22. Nc4 Bc7 23. g3 Kg7 24. Re1 f5 25. Nfd2 Kf6 26. Nb3 h5 27. Rf1 h4 28. g4 Bxh2 29. gxf5 e5 30. Ncxa5 Bf4+ 31. Kb1 Rxd3 32. cxd3 h3 33. Nc6 h2 34. Nxb4 Kxf5 35. Nd5 Kg4 36. Nc5 Kh3 37. Rh1 Kg2 38. Rxh2+ Bxh2 39. b4 Bg1 40. Nd7 Bd4 41. a5 f5 42. Kc2 f4 43. N7f6 f3 44. Ne4 f2 45. Nxf2 Kxf2 46. Kb3 Ke2 47. Ka4 Kxd3 48. b5 Kc4 49. Nc7 Rg8 50. b6 Rg1 51. Nb5 Bc5 52. Na3+ Bxa3 53. a6 Bb4 0-1